000 00591nam a22002177a 4500
003 UA-OsUOA
001 116587
007 ta
008 20160324b un ||||| |||| 00| 0 ukr d
100 _aКумеда О.
090 _a82
_bК90
942 _cSA
040 _aUA-OsUOA
_bukr
_cUA-OsUOA
_dUA-OsUOA
245 _aПантелеймон Куліш: письменник, етнограф, мовознавець
300 _aС.42-47
955 _a0
041 _aukr
080 _a82
773 0 _w116583
650 7 _a82 Література. Літературознавство
_2UDC
999 _c402704
_d402704